Movies Quiz

Random Movies or Actress Quiz
Score 0/13 Timer 10:00
0 Plays Today
% Correct
Jack Nicholson
63.9%
Annette Bening
58.3%
Susan Sarandon
52.8%
Mary McDonnell
52.8%
Anne Bancroft
52.8%
Meryl Streep
50%
Daniel Day-Lewis
50%
Kevin Spacey
47.2%
Renée Zellweger
47.2%
Stephen Rea
41.7%
Rooney Mara
41.7%
Roseanne Barr
33.3%
Anna Paquin
33.3%
Remove Ads.
Support Sporcle.
Get the best of Sporcle when you Go Orange. This ad-free experience offers more features, more stats, and more fun while also helping to support Sporcle. Thank you for becoming a member.

You're not logged in!

Compare scores with friends on all Sporcle quizzes.
OR
Log In

Show Comments

Extras

Top Quizzes Today


Score Distribution

Your Account Isn't Verified!

In order to create a playlist on Sporcle, you need to verify the email address you used during registration. Go to your Sporcle Settings to finish the process.

Report this User

Report this user for behavior that violates our Community Guidelines.

Details: